Statistics for French Revolution 1789-1793

Click here to take the quiz!

General Stats

  • This quiz has been taken 138 times
    (134 since last reset)
  • The average score is 5 of 15

Answer Stats

HintAnswer% Correct
Who was this kings wife?Marie Antoinette
85%
Who was the King during this time?Louis XVI
80%
When was the Storming of the Bastille? (Date month and year)14th July 1789
78%
Where was this King found when he attempted to flee France in 1791?Varennes
54%
What happened on the 20th June 1789?Tennis Court Oath
53%
When was the king executed?21st January 1793
33%
When did the Estates General meet at Versailles? (Date month and year)5th May 1789
23%
What happened on the 2 - 6 September 1792September Massacres
21%
When was war declared on Austria?April 20th 1792
12%
When was the monarchy overthrown?August 10th 1792
12%
When did the revolt in the Vendée begin?11th March 1793
6%
When was the Civil Constiution of the Clergy?July 12 1790
6%
What was declared on the 26th August 1789?Declaration of the Rights of Man and the Citizen
5%
What happened on the 2nd November 1789?Nationalisation of Church Property
1%
What was created on the 21st May 1790?Creation of the Paris Sections
0%

Score Distribution

Percentile by Number Answered

Percent of People with Each Score

Your Score History

You have not taken this quiz since the last reset